MLB Detroit Tigers Season Home Run Leaders - Statistics

General Stats
  • This quiz has been taken 35 times
    14 since last reset
  • The average score is 62 of 130
Answer Stats
Year Player % Correct
1955 | 1963 | 1967 Al Kaline
91%
2008 | 2009 | 2010 | +5 others Miguel Cabrera
91%
1990 | 1991 | 1992 | +2 others Cecil Fielder
82%
1933 | 1934 | 1935 | +5 others Hank Greenberg
82%
1989 Lou Whitaker
82%
1907 | 1909 | 1910 | +3 others Ty Cobb
82%
2007 Magglio Ordóñez
73%
1962 | 1965 | 1966 | +3 others Norm Cash
73%
1968 | 1969 | 1975 Willie Horton
73%
1985 | 1986 | 1987 | 1988 Darrell Evans
64%
2022 Javier Báez
64%
1980 | 1981 | 1982 | +2 others Lance Parrish
64%
2025 Riley Greene
64%
2000 Bobby Higginson
55%
Charlie Gehringer
55%
2015 J.D. Martinez
55%
1996 | 1997 | 1998 Tony Clark
55%
2014 Victor Martinez
55%
1918 | 1919 | 1921 | +6 others Harry Heilmann
45%
1976 | 1977 | 1978 Jason Thompson
45%
1993 Mickey Tettleton
45%
1960 | 1961 Rocky Colavito
45%
2023 Spencer Torkelson
45%
1974 Bill Freehan
36%
2003 | 2005 Dmitri Young
36%
1941 | 1942 | 1943 | +2 others Rudy York
36%
1903 | 1905 | 1908 | +2 others Sam Crawford
36%
2006 Craig Monroe
27%
1999 Dean Palmer
27%
2017 Justin Upton
27%
1949 | 1950 | 1951 Vic Wertz
27%
1917 | 1920 Bobby Veach
18%
2004 Carlos Peña
18%
1958 Gail Harris
18%
1936 Goose Goslin
18%
1926 Heinie Manush
18%
2002 Randall Simon
18%
1979 Steve Kemp
18%
1956 | 1957 | 1959 Charlie Maxwell
9%
1929 | 1930 Dale Alexander
9%
1964 Dick McAuliffe
9%
1915 George Burns
9%
1970 Jim Northrup
9%
1931 John Stone
9%
2018 Nick Castellanos
9%
1948 Pat Mullin
9%
1953 | 1954 Ray Boone
9%
2021 Robbie Grossman
9%
2001 Robert Fick
9%
1952 Walt Dropo
9%
Bill Coughlin
0%
2019 Brandon Dixon
0%
Charley O'Leary
0%
1904 Charlie Hickman
0%
1906 Germany Schaefer
0%
Matty McIntyre
0%
2024 Riley Greene
0%
1947 Roy Cullenbine
0%
No matching quizzes found
Score Distribution
Percent of People with Each Score
Percentile by Number Answered
Your Score History
You have not taken this quiz since the last reset